बाज़ार सिद्धांत एवं मूल्य पद्दति / (Record no. 121192)
[ view plain ]
| 000 -LEADER | |
|---|---|
| fixed length control field | 00974nam a22002417a 4500 |
| 005 - DATE AND TIME OF LATEST TRANSACTION | |
| control field | 20170124103209.0 |
| 010 ## - LIBRARY OF CONGRESS CONTROL NUMBER | |
| LC control number | 766521 |
| 020 ## - INTERNATIONAL STANDARD BOOK NUMBER | |
| Terms of availability | 00.00 |
| 035 ## - SYSTEM CONTROL NUMBER | |
| System control number | 766521 |
| 037 ## - SOURCE OF ACQUISITION | |
| Source of stock number/acquisition | Cen Lib/Ret |
| 040 ## - CATALOGING SOURCE | |
| Original cataloging agency | DPL |
| Language of cataloging | HN |
| 082 ## - DEWEY DECIMAL CLASSIFICATION NUMBER | |
| Classification number | 338 |
| Item number | किर्जन |
| 100 ## - MAIN ENTRY--PERSONAL NAME | |
| Personal name | किर्जन इजराइल |
| 9 (RLIN) | 95458 |
| 245 ## - TITLE STATEMENT | |
| Title | बाज़ार सिद्धांत एवं मूल्य पद्दति / |
| Statement of responsibility, etc | किर्जन इजराइल |
| 246 ## - VARYING FORM OF TITLE | |
| Title proper/short title | Bazar siddhant evam mulay paddti |
| Remainder of title | by Kirzan Ijrail |
| 300 ## - PHYSICAL DESCRIPTION | |
| Extent | 367पृष्ठ. |
| Dimensions | 22सेमी(सजिल्द) |
| 500 ## - GENERAL NOTE | |
| General note | सन्दर्भ ग्रन्थ सूची शामिल |
| 650 ## - SUBJECT ADDED ENTRY--TOPICAL TERM | |
| Topical term or geographic name as entry element | आर्थिक सिद्धांत |
| 9 (RLIN) | 95459 |
| 650 ## - SUBJECT ADDED ENTRY--TOPICAL TERM | |
| Topical term or geographic name as entry element | बाज़ार - उत्पादन |
| 9 (RLIN) | 95460 |
| 650 ## - SUBJECT ADDED ENTRY--TOPICAL TERM | |
| Topical term or geographic name as entry element | Economic theory |
| 9 (RLIN) | 9818 |
| 650 ## - SUBJECT ADDED ENTRY--TOPICAL TERM | |
| Topical term or geographic name as entry element | Market - production |
| 9 (RLIN) | 95461 |
| 942 ## - ADDED ENTRY ELEMENTS (KOHA) | |
| Source of classification or shelving scheme | Dewey Decimal Classification |
| Koha item type | Hindi Books |
| Classification part | 338 |
| Call number suffix | किर्जन |
| Withdrawn status | Lost status | Damaged status | Not for loan | Home library | Current library | Date acquired | Source of acquisition | Cost, normal purchase price | Total Checkouts | Full call number | Barcode | Date last seen | Copy number | Cost, replacement price | Price effective from | Koha item type |
|---|---|---|---|---|---|---|---|---|---|---|---|---|---|---|---|---|
| Central Library | Central Library | 03/10/2015 | Cen Lib/Ret | 0.00 | 338 किर्जन | 766521 | 03/10/2015 | 1 | 0.00 | 03/10/2015 | Hindi Books |
